Možnosti zníženia dane: manželstvo alebo partnerský vzťah

Možnosť zníženia daňového zaťaženia daňovníka a uplatnenie nezdaniteľnej časti základu dane na manželku (NČZDM). Daňová legislatíva a podmienky na uplatnenie zníženia základu dane manžela o túto položku (rovnako platí aj opačná verzia). Nezdaniteľná časť základu dane sa môže uplatniť prostredníctvom...

Ausführliche Beschreibung

Gespeichert in:
Bibliographische Detailangaben
1. Verfasser: Kušnírová, Jana, 1977-
Format: Buchkapitel
Sprache:Slowakisch
Schlagworte:
Tags: Tag hinzufügen
Keine Tags, Fügen Sie das erste Tag hinzu!

MARC

LEADER 00000nla a2200000 4500
001 0152732
005 20240502072723.8
041 0 |a slo 
044 |a SK 
245 1 0 |a Možnosti zníženia dane: manželstvo alebo partnerský vzťah  |c Jana Kušnírová 
520 |a Možnosť zníženia daňového zaťaženia daňovníka a uplatnenie nezdaniteľnej časti základu dane na manželku (NČZDM). Daňová legislatíva a podmienky na uplatnenie zníženia základu dane manžela o túto položku (rovnako platí aj opačná verzia). Nezdaniteľná časť základu dane sa môže uplatniť prostredníctvom ročného zúčtovania u svojho zamestnávateľa, alebo podaním daňového priznania. 
610 2 0 |a dane 
610 2 0 |a daňovníci 
610 2 0 |a priznania daňové 
610 2 0 |a doklady daňové 
610 2 0 |a základ dane 
610 2 0 |a odpočet dane 
610 2 0 |a obdobie zdaňovacie 
100 1 |a Kušnírová, Jana, 1977-